000 00480nam a2200169 a 4500
005 20140412111338.0
008 031007s19uu xx 00 eng d
020 _a983-172-352-X
050 _aTR(PS E
_bBa11
245 _aBaby elephant finds banana seeds (The).
260 _aKuala Lumpur, Malaysia :
_bKiddibird Sdn., Bhd,
_c[n.d.]
300 _a16 p. ; ill.
440 _aLittle Tadpole Series
650 _aScience stories
650 _aChildren stories
999 _c105064
_d105064